Central Library OPAC University of Rajshahi

The city manager / (Record no. 49421)

MARC details
000 -LEADER
fixed length control field 00759nam a22002411 4500
001 - CONTROL NUMBER
control field 49421
003 - CONTROL NUMBER IDENTIFIER
rucl marc code BD-RjUL
005 - DATE AND TIME OF LATEST TRANSACTION
control field 20211209054658.0
008 - FIXED-LENGTH DATA ELEMENTS--GENERAL INFORMATION
fixed length control field 160820r19681927nyuc b 000 0 eng
035 ## - SYSTEM CONTROL NUMBER
System control number (BD-RjUL)49540
040 ## - CATALOGING SOURCE
Original cataloging agency DLC
Transcribing agency DLC
Modifying agency DLC
Language of cataloging eng
041 ## - LANGUAGE CODE
Language code of text/sound track or separate title eng
082 00 - DEWEY DECIMAL CLASSIFICATION NUMBER
Classification number 352.008
Author mark and year WHC 1968
100 1# - MAIN ENTRY--PERSONAL NAME
Personal name White, Leonard Dupee.
Dates associated with a name 1891-1958.
9 (RLIN) 142660
245 14 - TITLE STATEMENT
Title The city manager /
Statement of responsibility, etc. Leonard Dupee White.
260 ## - PUBLICATION, DISTRIBUTION, ETC. (IMPRINT)
Place of publication, distribution, etc. New York:
Name of publisher, distributor, etc. Greenwood Press,
Date of publication, distribution, etc. c1927
-- [Reprinting 1968]
300 ## - PHYSICAL DESCRIPTION
Pagination xvii, 355 p.
Illustrations ports.
Size 23 cm.
504 ## - BIBLIOGRAPHY, ETC. NOTE
Bibliography, etc Includes bibliographical references.
650 #0 - SUBJECT ADDED ENTRY--TOPICAL TERM
Topical term or geographic name as entry element Municipal government by city manager.
9 (RLIN) 148355
Topical term or geographic name as entry element Municipal government
Geographic subdivision United States.
9 (RLIN) 148356
942 ## - ADDED ENTRY ELEMENTS (KOHA)
Source of classification or shelving scheme Dewey Decimal Classification
Koha item type Books
Holdings
Lost status Source of classification or shelving scheme Damaged status Not for loan Collection code Permanent Location Current Location Shelving location Date acquired Source of acquisition Cost, normal purchase price Total Checkouts Full call number Date last seen Copy number Koha item type
  Dewey Decimal Classification     Non-fiction Central Library, University of Rajshahi Central Library, University of Rajshahi   15/12/1970 Swets & Zeitlinger 133.00   352.008 WHC 1968 20/08/2016 C-2 Books